[Event "FRA-chT3 0405"]
[Site "France"]
[Date "2004.11.06"]
[Round "2"]
[White "Thomas, Franck"]
[Black "Monnier, Stephane"]
[Result "1-0"]
[WhiteElo "1850"]
[BlackElo "1620"]
[PlyCount "73"]
[EventDate "2004.10.10"]
[EventType "team"]
[EventRounds "9"]
[EventCountry "FRA"]
[SourceTitle "EXT 2007"]
[Source "ChessBase"]
[SourceDate "2006.11.23"]
[SourceVersion "1"]
[SourceVersionDate "2006.11.23"]
[SourceQuality "1"]

1. d4 d6 2. c4 Nc6 3. Nc3 g6 4. e4 f5 5. d5 Nb4 6. Qa4+ Bd7 7. Qxb4 Bg7 8. Nf3 a5 9. Qb3 a4 10. Qc2 fxe4 11. Nxe4 Bf5 12. a3 Nf6 13. Nxf6+ exf6 14. Bd3 Qe7+ 15. Be3 Bg4 16. Bxg6+ hxg6 17. Qxg6+ Kd8 18. Qxg4 Bh6 19. Nd4 Bxe3 20. Ne6+ Kc8 21. fxe3 Kb8 22. 0-0-0 Ka7 23. Qg7 Qe8 24. Qxc7 Rc8 25. Qa5+ Kb8 26. Rd4 Rc5 27. Nxc5 Qxe3+ 28. Qd2 Qxd2+ 29. Rxd2 dxc5 30. Rf2 Rh4 31. Rxf6 Rxc4+ 32. Kb1 Rd4 33. d6 b5 34. h4 b4 35. axb4 cxb4 36. d7 b3 37. Rf8+ 1-0

[Event "FRA-chT3 0405"]
[Site "France"]
[Date "2004.10.10"]
[Round "1.3"]
[White "Cronier, Georges"]
[Black "Thomas, Franck"]
[Result "1/2-1/2"]
[WhiteElo "1790"]
[BlackElo "1850"]
[PlyCount "49"]
[EventDate "2004.10.10"]
[EventType "team"]
[EventRounds "9"]
[EventCountry "FRA"]
[SourceTitle "EXT 2007"]
[Source "ChessBase"]
[SourceDate "2006.11.23"]
[SourceVersion "1"]
[SourceVersionDate "2006.11.23"]
[SourceQuality "1"]

1. Nf3 d5 2. g3 g6 3. Bg2 Bg7 4. d4 Nf6 5. Nbd2 Nbd7 6. 0-0 0-0 7. Re1 c5 8. c3 cxd4 9. cxd4 Nb6 10. e4 dxe4 11. Nxe4 Nxe4 12. Rxe4 Bf5 13. Re1 Be6 14. b3 Bd5 15. Ba3 Re8 16. Rc1 e6 17. Bb2 Rc8 18. Re2 Re7 19. Rxc8 Qxc8 20. Rc2 Rc7 21. Rxc7 Qxc7 22. Qd3 Qc6 23. Ne5 Bxe5 24. dxe5 Bxg2 25. Qd8+ 1/2-1/2

[Event "FRA-chT4 0001"]
[Site "Bretagne"]
[Date "2001.03.11"]
[Round "6"]
[White "Lepagnol, Eric"]
[Black "Thomas, Franck"]
[Result "1/2-1/2"]
[WhiteElo "1690"]
[BlackElo "1780"]
[PlyCount "57"]
[EventDate "2000.10.??"]
[EventType "team"]
[EventRounds "7"]
[EventCountry "FRA"]
[SourceTitle "EXT 2005"]
[Source "ChessBase"]
[SourceDate "2004.11.15"]
[SourceVersion "1"]
[SourceVersionDate "2004.11.15"]
[SourceQuality "1"]

1. d4 c5 2. d5 d6 3. c4 g6 4. Nc3 Bg7 5. e4 Nf6 6. Bd3 a6 7. Nge2 Qc7 8. 0-0 0-0 9. f4 b5 10. a3 Nbd7 11. Rb1 bxc4 12. Bxc4 Nb6 13. Ba2 c4 14. Be3 Ng4 15. Bd4 Bxd4+ 16. Qxd4 e5 17. dxe6 fxe6 18. h3 e5 19. Qd2 Qc5+ 20. Kh1 Nf2+ 21. Kh2 Bb7 22. b4 cxb3 23. Bxb3+ Kg7 24. Rxf2 Qxf2 25. Qxd6 exf4 26. Qe7+ Kh6 27. h4 f3 28. Qg5+ Kg7 29. Qe7+ 1/2-1/2

[Event "FRA-chT4 0001"]
[Site "Bretagne"]
[Date "2001.01.14"]
[Round "4"]
[White "Martin, Yvon"]
[Black "Thomas, Franck"]
[Result "0-1"]
[WhiteElo "1660"]
[BlackElo "1740"]
[PlyCount "116"]
[EventDate "2000.10.??"]
[EventType "team"]
[EventRounds "7"]
[EventCountry "FRA"]
[SourceTitle "EXT 2005"]
[Source "ChessBase"]
[SourceDate "2004.11.15"]
[SourceVersion "1"]
[SourceVersionDate "2004.11.15"]
[SourceQuality "1"]

1. c4 c6 2. Nc3 d5 3. cxd5 cxd5 4. d4 e6 5. Bf4 Bd6 6. Qd2 Nf6 7. Rc1 Bxf4 8. Qxf4 Bd7 9. e3 a6 10. Bd3 Nc6 11. a3 Rc8 12. Nf3 Na5 13. 0-0 Nc4 14. Nd1 0-0 15. Re1 b5 16. e4 dxe4 17. Bxe4 Nxe4 18. Qxe4 Bc6 19. Qf4 Bxf3 20. gxf3 Qd6 21. Qg3 Qxd4 22. Nc3 Nxb2 23. Re3 Nc4 24. Rd1 Qf6 25. Ne4 Qg6 26. Rc3 Nb2 27. Rdc1 Rxc3 28. Rxc3 Nc4 29. a4 Qxg3+ 30. fxg3 Rc8 31. axb5 axb5 32. Rb3 Rb8 33. Nc3 Nd6 34. Kf2 Kf8 35. Ke3 Ke7 36. Kd4 Kd7 37. Ne4 Nxe4 38. fxe4 Kd6 39. e5+ Kc6 40. Rf3 Rb7 41. g4 b4 42. Rb3 Kb5 43. g5 Rb8 44. Rh3 Rh8 45. Rf3 Rf8 46. Rh3 g6 47. Rxh7 Rd8+ 48. Ke4 Rd7 49. Rh3 Kc4 50. Rh7 b3 51. Rh8 Rb7 52. h4 b2 53. h5 b1Q+ 54. Kf4 Qf5+ 55. Kg3 Qxg5+ 56. Kf2 Rb2+ 57. Kf3 Rb3+ 58. Ke2 Qe3+ 0-1

[Event "FRA-chT4 0001"]
[Site "Bretagne"]
[Date "2000.11.19"]
[Round "2"]
[White "Duplessy, Franck"]
[Black "Thomas, Franck"]
[Result "1-0"]
[WhiteElo "2020"]
[BlackElo "1810"]
[PlyCount "79"]
[EventDate "2000.10.??"]
[EventType "team"]
[EventRounds "7"]
[EventCountry "FRA"]
[SourceTitle "EXT 2005"]
[Source "ChessBase"]
[SourceDate "2004.11.15"]
[SourceVersion "1"]
[SourceVersionDate "2004.11.15"]
[SourceQuality "1"]

1. e4 e6 2. d4 d5 3. exd5 exd5 4. c4 c6 5. Nc3 Nf6 6. Bd3 h6 7. Nge2 Bd6 8. c5 Bc7 9. h3 Nbd7 10. b4 0-0 11. 0-0 Re8 12. b5 Nf8 13. Rb1 Bd7 14. bxc6 bxc6 15. Ba6 Bc8 16. Qa4 Bxa6 17. Qxa6 Qc8 18. Qa4 Ne6 19. Be3 Qd7 20. Rb3 Reb8 21. Rfb1 Rxb3 22. axb3 Re8 23. Ra1 Bb8 24. Qa5 Re7 25. b4 Qc7 26. Qxc7 Rxc7 27. b5 cxb5 28. Nxb5 Rb7 29. Nec3 Nc7 30. Nd6 Rb3 31. Ne2 Nb5 32. Nxb5 Rxb5 33. Nf4 g5 34. Nd3 Rb3 35. Nc1 Rb7 36. g3 Ne4 37. Kg2 f5 38. Nd3 Kg7 39. Ra6 Re7 40. Ne5 1-0